1121 1437 1695 1493 1415 1379 1107 1796 1139 1219 1341 1938 1682 1046 1888 1867 1358 1806 1768 1501 1199 1120 1849 1266 1817 1693 1568 1010 1855 1382 1886 1751 1552 1295 1856 1504 1677 1362 1540 1513 1115 1515 1837 1934 1583 1433 1565 1712 1741 1437 1804 1652 1566 1006 1643 1462 1726 1442 1503 1253 1692 1554 1871 1373 1273 1207 1752 1559 1873 1422 1085 1275 1861 1373 1093 1449 1313 1040 1269 1795 1223 1620 1861 1291 1743 1250 1597 1639 1242 1821 1639 1119 1273 1135 1573 1085 1932 1770 1883 BCNSPRNW ULIB Ver.6.0+V

เปลี่ยนเป็นภาษาไทย

Change to English
 แสดงรายละเอียดบรรณานุกรม
  กลับหน้าหลัก

Brief Record : Get Marc (ISO 2709) : E-mail record : QR code < ปิดหน้าต่าง
LEADER : 00000nam 2200000uu 4500
001    13399115228
003     ULIB
008    120801s2553||||th 000 0 tha d
020    ^a9786167405063
050  4 ^aBF858^bว475ล
100 0  ^aวาโยรี
245 10 ^aเลขอ่านใจทำนายชีวิตเสริมโชคเพิ่มบารมี /^cวาโยรี
250    ^aพิมพ์ครั้งที่ 1
260    ^aกรุงเทพฯ :^bอาศรมปัญญา5980,^c2553
300    ^a128 หน้า
650  7 ^aการทำนายจากตัวเลข
650  7 ^aทำนายชีวิต
945    ^p115^l0^i19160
995    ^aกัณชพร
999    ^aใช้งานได้ทุกระบบ
รายการนี้ยังไม่มีแท็ก
คุณยังไม่ได้ล็อกอิน คุณสามารถมีกิจกรรมร่วมกับเว็บไซต์ได้ แต่ต้องล็อกอินก่อน ::
  ล็อกอิน

รายการสื่อสารสนเทศ

ลำดับที่ ประเภท เลขเรียก/บาร์โค้ด สถานที่ สถานะ
- ไม่พบข้อมูล -

รายการใกล้เคียง
    ผู้แต่ง [วาโยรี]

    หัวเรื่อง [การทำนายจากตัวเลข]
    หัวเรื่อง [ทำนายชีวิต]

BibComment


ยังไม่เคยถูกคอมเมนท์

คอมเมนท์ทรัพยากรรายการนี้
  คอมเมนท์: เลขอ่านใจทำนายชี..


 Copyright 2026. Bcnsprnw @Library